000 00323nas a2200145 a 4500
001 71425
003 145479
005 20201118110932.0
008 ||||||n9999 ||| || ||
245 0 _aHombre & Trabajo - Vol.11 No.29
260 _c1993.
562 _e0
773 _024569
_aHombre & Trabajo
942 _cSISS
999 _c71425
_d71425